Biggest Cities by Decade (1400-1490) - Statistics

General Stats
  • This quiz has been taken 54 times
  • The average score is 38 of 70
Answer Stats
Year Rank Population Answer % Correct
4. 280,000 Paris
93%
4. 280,000 Paris
93%
4. 250,000 Paris
93%
7. 190,000 Paris
93%
7. 160,000 Paris
93%
7. 170,000 Paris
93%
7. 150,000 Beijing
91%
7. 150,000 Beijing
91%
4. 300,000 Beijing
91%
1440 1. 450,000 Beijing
91%
1450 1. 600,000 Beijing
91%
1460 1. 610,000 Beijing
91%
1470 1. 620,000 Beijing
91%
1480 1. 640,000 Beijing
91%
1490 1. 650,000 Beijing
91%
6. 150,000 Beiping
91%
3. 360,000 Cairo
85%
3. 360,000 Cairo
85%
3. 360,000 Cairo
85%
2. 370,000 Cairo
85%
3. 370,000 Cairo
85%
3. 380,000 Cairo
85%
3. 380,000 Cairo
85%
3. 380,000 Cairo
85%
3. 390,000 Cairo
85%
3. 390,000 Cairo
85%
7. 150,000 Guangzhou
57%
7. 150,000 Guangzhou
57%
3. 350,000 Nanjing
48%
6. 200,000 Nanjing
48%
7. 150,000 Nanjing
48%
1400 1. 480,000 Yingtian
48%
1410 1. 490,000 Yingtian
48%
1420 1. 500,000 Yingtian
48%
5. 240,000 Hangzhou
39%
5. 240,000 Hangzhou
39%
5. 240,000 Hangzhou
39%
5. 240,000 Hangzhou
39%
4. 240,000 Hangzhou
39%
4. 250,000 Hangzhou
39%
4. 250,000 Hangzhou
39%
4. 250,000 Hangzhou
39%
4. 250,000 Hangzhou
39%
4. 250,000 Hangzhou
39%
6. 160,000 Granada
37%
6. 170,000 Granada
37%
6. 190,000 Granada
37%
6. 200,000 Granada
37%
6. 200,000 Granada
37%
2. 400,000 Vijayanagara
24%
2. 410,000 Vijayanagara
24%
2. 420,000 Vijayanagara
24%
1430 1. 430,000 Vijayanagara
24%
2. 440,000 Vijayanagara
24%
2. 450,000 Vijayanagara
24%
2. 470,000 Vijayanagara
24%
2. 480,000 Vijayanagara
24%
2. 490,000 Vijayanagara
24%
2. 490,000 Vijayanagara
24%
6. 160,000 Tabriz
22%
6. 170,000 Tabriz
22%
6. 190,000 Tabriz
22%
5. 200,000 Tabriz
22%
5. 220,000 Tabriz
22%
5. 220,000 Tabriz
22%
5. 230,000 Tabriz
22%
5. 230,000 Tabriz
22%
5. 240,000 Tabriz
22%
7. 180,000 Gauda
11%
7. 190,000 Gauda
11%
No matching quizzes found
Score Distribution
Percent of People with Each Score
Percentile by Number Answered
Your Score History
You have not taken this quiz